000 00653nam a2200169Ia 4500
008 090124s9999 xx 000 0 und d
082 _b29069
_a1978
100 _aनायक कृ. मा.
245 _a यंत्रावजारे आणि मापणशास्त्र भाग 2
250 _a0
300 _a206
600 _aनायक कृ. मा.
630 _a यंत्रावजारे आणि मापणशास्त्र भाग 2
700 _aनायक कृ. मा.
730 _a यंत्रावजारे आणि मापणशास्त्र भाग 2
942 _cBOOK
999 _c142524
_d142524